| 000 | 00423nam a22001577a 4500 | ||
|---|---|---|---|
| 008 | 231121b |||||||| |||| 00| 0 eng d | ||
| 020 | _a978-1-57018-625-7 | ||
| 050 | _aKF 3464 .S49 2007 | ||
| 100 | _aSEYMOUR,RICHARD T. | ||
| 245 | _aEQUAL EMPLOYMENT LAW UPDATE | ||
| 250 | _aSUMMER 2007 EDITION | ||
| 260 |
_aARLINGTON,VA _bBNA BOOKS _c2007 |
||
| 300 | _aLII,T-1763P. | ||
| 500 | _aINCLUDES INDEX | ||
| 942 |
_2lcc _cBK |
||
| 999 |
_c208386 _d208386 |
||